000 00418nam a2200145 i 4500
001 147563
003 ES-MaACL
007 t|
008 071003s1925 gw ||||1| ger d
100 1 _aUnruh, Fritz von.
_9112021
245 1 0 _aHeinrich aus Andernach /
_cFritz von Unruh.
260 _aFrankfurtam :
_bFrankfurter Societèats-Druckerei,
_c1925.
300 _a84 p. ;
_c22 cm.
852 _aES-MaACL
_jB-9236
_bR.14021
999 _c147563
_d147563